| 000 | 01230cam a2200337 i 4500 | ||
|---|---|---|---|
| 999 |
_c200453115 _d71327 |
||
| 003 | TR-AnTOB | ||
| 005 | 20230523152735.0 | ||
| 007 | ta | ||
| 008 | 021219s1997 tu 001 0 tu d | ||
| 020 | _a9754372160 | ||
| 040 |
_aBGZ _beng _erda _cBGZ _dTR-AnTOB |
||
| 041 | 1 |
_atur _hota |
|
| 050 | 1 |
_aDS793.S62 _bİ558 1999 |
|
| 090 |
_aDS 793.S62 _bİ558c 1999 |
||
| 100 | 1 |
_aİlkul, Ahmet Kemal, _d1889-1966 _eauthor _9141910 |
|
| 245 | 1 | 0 |
_aÇin-Türkistan hatıraları : _bŞanghay hatıraları: iki kitap bir arada / _cAhmet Kemal İlkul ; Arap alfabesinden aktaran ilaveli, notlu ve tenkitli şekilde şerh eden Dr. Yusuf Gedikli. |
| 246 | 3 | _aŞanghay hatıraları | |
| 250 | _a1. basım | ||
| 264 | 1 |
_aİstanbul : _bÖtüken Neşriyat A.Ş., _c1999. |
|
| 300 |
_a446 pages ; _c20 cm |
||
| 336 |
_2rdacontent _atext _btxt |
||
| 337 |
_2rdamedia _aunmediated _bn |
||
| 338 |
_2rdacarrier _avolume _bnc |
||
| 490 | 0 |
_aYayın nu ; _v359 _aKültür serisi ; _v120 |
|
| 504 | _aBIBINDX | ||
| 651 | 7 |
_aSincan Uygur Özerk Bölgesi (Çin) _2etuturkob _9128689 |
|
| 651 | 7 |
_aAsya, Orta _xGezi ve tanıtım _2etuturkob _98790 |
|
| 700 | 1 |
_aGedikli, Yusuf, _etranslator _9119290 _d1954- |
|
| 942 |
_2lcc _cBK |
||